Principles of Islam (Record no. 19865)

MARC details
000 -LEADER
fixed length control field 00281nam a22001337a 4500
020 ## - INTERNATIONAL STANDARD BOOK NUMBER
ISBN 8185063362
082 ## - DEWEY DECIMAL CLASSIFICATION NUMBER
Classification number 297.2 KHA
100 ## - MAIN ENTRY--AUTHOR NAME
Author name Khan, Wahiduddin
245 ## - TITLE STATEMENT
Title Principles of Islam
250 ## - EDITION STATEMENT
Edition statement 2012
260 ## - PUBLICATION, DISTRIBUTION, ETC. (IMPRINT)
Place of publication Delhi
Name of publisher Goodword books
Year of publication 2012
300 ## - PHYSICAL DESCRIPTION
Number of Pages 170
942 ## - ADDED ENTRY ELEMENTS (KOHA)
Koha item type Books
Holdings
Home library Current library Shelving location Date acquired Full call number Accession Number Koha item type
Henry Martyn Institute Library Henry Martyn Institute Library General stacks 11/24/2015 297.2 KHA 24988 Books
                   Copyright © 2026 | Henry Martyn Institute | Hyderabad | TS-500052 | INDIA | Implemented by hmi.edu.in
Hit-Count:

Powered by Koha